| 000 | 00737nam a2200229 a 4500 | ||
|---|---|---|---|
| 005 | 20240314063637.0 | ||
| 008 | 081104s2005 es r 000 0 spa d | ||
| 020 | _a8484701832 | ||
| 035 | _aUPN01000164885 | ||
| 049 | _aI | ||
| 050 | 4 |
_aPZ10.3 _bG5.2 |
|
| 100 | 1 | _aGinsburg, Mirra | |
| 245 | 1 | 0 |
_aBuenos días, Pollito / _cMirra Ginsburg ; il. Byron Barton ; tr. Rafael Ros Sierra. |
| 260 |
_aBarcelona, Esp. : _bCorimbo, _c2005. |
||
| 300 |
_a34 p. : _bprincipalmente il. col. |
||
| 440 | 0 | _aA partir de 2 años | |
| 534 |
_pTítulo original: _tGood morning, chick |
||
| 650 | 4 |
_aCuentos infantiles estadounidenses _910762 |
|
| 650 | 0 |
_aAnimales _vCuentos y leyendas _9234 |
|
| 700 | 1 |
_aBarton, Byron, _eil. |
|
| 905 | _aInfantil | ||
| 999 |
_c136997 _d136997 |
||